| 000 | 02292njm a2200409Ia 4500 | ||
|---|---|---|---|
| 001 | 25879 | ||
| 003 | IT-RoPAU | ||
| 005 | 20220918181121.0 | ||
| 008 | 131025s9999 xx 000 0 und d | ||
| 040 | _aIT-RoPAU | ||
| 040 | _cIT-RoPAU | ||
| 999 |
_c99786 _d99786 |
||
| 999 | _bSI | ||
| 100 |
_aAA.VV. _9794 |
||
| 100 |
_eAutore musica _914646 |
||
| 100 |
_gCodice autore musica SPICS: 12000 _9796 |
||
| 245 | _aMonk On Riverside 1955-57, vol. 01 | ||
| 250 | _a2a ed. | ||
| 260 | _aMILANO | ||
| 260 |
_bRIVERSIDE RECORDS _c1984 [1a Ed.:1955 - Ed. Lingua Orig.: 1955] |
||
| 300 | _aDISCO | ||
| 300 | _c36 minuti (Testo: pag.) | ||
| 500 | _aMusica jazz | ||
| 505 | _aIt Don't Mean a Thing [(21/27 luglio 1955) (5:00)] - Sophisticated Lady [(21/27 luglio 1955) (5:00)] - I Got It Bad [(21/27 luglio 1955) (6:00)] - Black and Tan Fantasy [(21/27 luglio 1955) (4:00)] - Mood Indigo [(21/27 luglio 1955) (4:00)] - I Let a Song Go Out of My Heart [(21/27 luglio 1955) (6:00)] - Solitude [(21/27 luglio 1955) (4:00)] - Caravan [(21/27 luglio 1955) (6:00)] | ||
| 511 | _aMonk Theolonius: piano; Pettiford Oscar: basso; Clarke Kenny: drums | ||
| 650 |
_aJAZZ [DISCHI] _eCodice MATERIA SPICS: 9950 _914647 |
||
| 700 |
_aMonk Thelonious _gCodice interprete SPICS: 10795 _eInterprete _914648 |
||
| 700 |
_aEllington Duke _gCodice autore musica SPICS: 13023 _eAutore musica _914649 |
||
| 700 |
_aMills Irving _gCodice autore SPICS: 13027 _eAutore _pIt Don't Mean a Thing - Sophisticated Lady - Mood Indigo - I Let a Song Go Out of My Heart - Solitude - Caravan _914650 |
||
| 700 |
_aParish Mitchell _gCodice autore testo/musica SPICS: 23767 _eAutore testo/musica _pSophisticated Lady _914651 |
||
| 700 |
_aWebster Benjamin Francis (Ben) _gCodice autore SPICS: 14419 _eAutore _pI Got It Bad _914652 |
||
| 700 |
_aMiley Bubber _gCodice autore musica SPICS: 16296 _eAutore musica _pBlack and Tan Fantasy _914653 |
||
| 700 |
_aBigard Barney _gCodice autore testo/musica SPICS: 16329 _eAutore testo/musica _pMood Indigo _914654 |
||
| 700 |
_aRedmond _gCodice autore testo/musica SPICS: 27922 _eAutore testo/musica _pI Let a Song Go Out of My Heart _914655 |
||
| 700 |
_aDe Lange E. _gCodice autore SPICS: 20736 _eAutore _pSolitude _914656 |
||
| 700 |
_aTizol Juan _gCodice autore SPICS: 20356 _eAutore _pCaravan _914657 |
||
| 942 |
_cMD _2ddc |
||